[Event "I Open Ciutat de Sueca 2015"]
[Site "Sueca ESP"]
[Date "2015.07.30"]
[Round "4.16"]
[White "Ramon Gualberto, Arturo"]
[Black "Vila Tormo, Eduardo"]
[Result "1-0"]
[WhiteElo "1968"]
[BlackElo "1622"]
[PlyCount "97"]
[EventDate "2015.07.27"]
[EventType "swiss"]
[EventRounds "8"]
[EventCountry "ESP"]
[SourceTitle "Ajedrez en Madrid"]
[Source "lmi"]
[SourceDate "2015.05.27"]

1. e4 c5 2. Nc3 d6 3. g3 Nc6 4. Bg2 e6 5. d3 g6 6. Be3 Bg7 7. Qd2 Qa5 8. Nf3 b5
9. d4 b4 10. Ne2 Nf6 11. Ng5 Ng4 12. e5 d5 13. c3 Nxe3 14. fxe3 Ba6 15. O-O O-O
16. Rf2 Bxe2 17. Rxe2 c4 18. e4 Bh6 19. exd5 bxc3 20. bxc3 Bxg5 21. Qxg5 Qxc3
22. Rc1 Qxd4+ 23. Qe3 exd5 24. Qxd4 Nxd4 25. Rd2 Ne6 26. Rxd5 Rac8 27. Rd7 Rfd8
28. Rxa7 c3 29. Be4 Nd4 30. Kf2 Nb5 31. Rb7 Nd4 32. Ke3 c2 33. Rb2 Nf5+ 34.
Bxf5 gxf5 35. Rbxc2 Rxc2 36. Rxc2 Kg7 37. Rd2 Re8 38. Kf4 f6 39. exf6+ Kxf6 40.
Rd6+ Kf7 41. Kxf5 Re2 42. Rd7+ Kg8 43. a4 Rxh2 44. g4 Rf2+ 45. Kg5 Ra2 46. Ra7
Re2 47. a5 Ra2 48. a6 Ra5+ 49. Kf6 1-0

[Event "I Open Ciutat de Sueca 2015"]
[Site "Sueca ESP"]
[Date "2015.07.30"]
[Round "4.17"]
[White "Agullo Valcarcel, Carlos"]
[Black "Frasquet Solbes, Elias"]
[Result "0-1"]
[WhiteElo "1719"]
[BlackElo "2171"]
[PlyCount "56"]
[EventDate "2015.07.27"]
[EventType "swiss"]
[EventRounds "8"]
[EventCountry "ESP"]
[SourceTitle "Ajedrez en Madrid"]
[Source "lmi"]
[SourceDate "2015.05.27"]

1. e4 c5 2. c4 Nc6 3. Nc3 g6 4. b3 Bg7 5. Bb2 d6 6. h3 f5 7. Bd3 fxe4 8. Bxe4
Nf6 9. Bxc6+ bxc6 10. Ne4 e5 11. d3 O-O 12. Ne2 Nh5 13. g3 a6 14. Qd2 h6 15.
Qe3 Ra7 16. Rh2 Raf7 17. O-O-O Be6 18. Kb1 Qd7 19. Ng1 a5 20. Nc3 Kh7 21. Re1
Re7 22. Na4 Qe8 23. Bc3 Qf7 24. Re2 g5 25. Rd2 Qg6 26. g4 Nf6 27. Nf3 Kg8 28.
Rb2 Nd7 0-1

[Event "I Open Ciutat de Sueca 2015"]
[Site "Sueca ESP"]
[Date "2015.07.30"]
[Round "4.18"]
[White "Vigliaroli, Matteo Luigi"]
[Black "Rasskin Friederichs, Ivan"]
[Result "0-1"]
[WhiteElo "1637"]
[BlackElo "2036"]
[PlyCount "44"]
[EventDate "2015.07.27"]
[EventType "swiss"]
[EventRounds "8"]
[EventCountry "ESP"]
[SourceTitle "Ajedrez en Madrid"]
[Source "lmi"]
[SourceDate "2015.05.27"]

1. e4 e6 2. d4 d5 3. Nc3 Nf6 4. Bg5 Bb4 5. e5 h6 6. Bxf6 gxf6 7. f4 fxe5 8.
dxe5 c5 9. a3 Ba5 10. Kf2 Bxc3 11. bxc3 Qa5 12. Qd3 Bd7 13. Nf3 Bc6 14. g3 Nd7
15. Bg2 O-O-O 16. Nd2 f6 17. exf6 Rhf8 18. f7 Rxf7 19. Qg6 Qxc3 20. Nf3 Rf6 21.
Qd3 Qxd3 22. cxd3 e5 0-1

[Event "I Open Ciutat de Sueca 2015"]
[Site "Sueca ESP"]
[Date "2015.07.30"]
[Round "4.19"]
[White "La Orden Garcia, Raquel"]
[Black "Hurtado Oldridge, Felipe"]
[Result "0-1"]
[WhiteElo "1540"]
[BlackElo "2019"]
[PlyCount "53"]
[EventDate "2015.07.27"]
[EventType "swiss"]
[EventRounds "8"]
[EventCountry "ESP"]
[SourceTitle "Ajedrez en Madrid"]
[Source "lmi"]
[SourceDate "2015.05.27"]

1. e4 e6 2. Nf3 d5 3. exd5 exd5 4. d4 Bg4 5. Be2 Bd6 6. Be3 Nf6 7. c3 O-O 8.
Nbd2 Re8 9. h3 Bh5 10. O-O Nbd7 11. Re1 c6 12. Qb3 b5 13. a4 a6 14. axb5 axb5
15. Qc2 Ne4 16. Nb3 Bg6 17. Rxa8 Qxa8 18. Ra1 Qc8 19. Qc1 Bb8 20. Bf1 Qc7 21.
g3 Nxg3 22. fxg3 Qxg3+ 23. Bg2 Bh5 24. Bf2 Qd6 25. Nbd2 Re6 26. Qf1 Rf6 27. Bh4
0-1

[Event "I Open Ciutat de Sueca 2015"]
[Site "Sueca ESP"]
[Date "2015.07.30"]
[Round "4.20"]
[White "Oltra Landete, Fidel"]
[Black "Galvan Cipriani, Viviana"]
[Result "0-1"]
[WhiteElo "1906"]
[BlackElo "1698"]
[PlyCount "68"]
[EventDate "2015.07.27"]
[EventType "swiss"]
[EventRounds "8"]
[EventCountry "ESP"]
[SourceTitle "Ajedrez en Madrid"]
[Source "lmi"]
[SourceDate "2015.05.27"]

1. e4 c5 2. Nc3 Nc6 3. f4 e6 4. Bb5 Nge7 5. Nf3 a6 6. Bxc6 Nxc6 7. O-O d5 8.
exd5 exd5 9. Qe1+ Be7 10. Ne5 O-O 11. Nxc6 bxc6 12. d3 Bf6 13. Rb1 Re8 14. Qd1
Rb8 15. Na4 Qa5 16. b3 c4 17. dxc4 dxc4 18. Bd2 Qd5 19. Bc3 Bxc3 20. Qxd5 cxd5
21. Nxc3 d4 22. bxc4 Bf5 23. Rxb8 Rxb8 24. Rb1 Re8 25. Nd5 Bxc2 26. Rc1 d3 27.
Nc3 Rc8 28. g3 Rxc4 29. Nb1 Re4 30. Nc3 Re6 31. Kf2 g6 32. h4 h5 33. Kf3 Rc6
34. Nb1 d2 0-1

[Event "I Open Ciutat de Sueca 2015"]
[Site "Sueca ESP"]
[Date "2015.07.30"]
[Round "4.21"]
[White "Soler Nadal, Jose Antonio"]
[Black "Carbonell Sancho, Marc"]
[Result "0-1"]
[WhiteElo "1806"]
[BlackElo "1656"]
[PlyCount "74"]
[EventDate "2015.07.27"]
[EventType "swiss"]
[EventRounds "8"]
[EventCountry "ESP"]
[SourceTitle "Ajedrez en Madrid"]
[Source "lmi"]
[SourceDate "2015.05.27"]

1. Nf3 g6 2. d4 Bg7 3. Bg5 d6 4. e4 c6 5. c3 Qc7 6. Bc4 e6 7. O-O Ne7 8. Bb3
O-O 9. Nbd2 Re8 10. Re1 Nd7 11. Qc2 b6 12. Rad1 Bb7 13. Bh4 a5 14. a3 Ba6 15.
Nc4 Bxc4 16. Bxc4 b5 17. Bf1 Qb7 18. Bg3 Nc8 19. e5 d5 20. h4 h5 21. Ng5 Nf8
22. Bd3 Nb6 23. Bf4 Nc4 24. Qe2 f5 25. exf6 Bxf6 26. Nf3 Qg7 27. Ne5 Nxe5 28.
Bxe5 Bxe5 29. Qxe5 Qxe5 30. Rxe5 Kg7 31. Rde1 Rec8 32. Rxe6 Nxe6 33. Rxe6 b4
34. cxb4 axb4 35. a4 c5 36. dxc5 Rxc5 37. Rxg6+ Kf7 0-1

[Event "I Open Ciutat de Sueca 2015"]
[Site "Sueca ESP"]
[Date "2015.07.30"]
[Round "4.23"]
[White "Valdenebro Orihuel, Miguel"]
[Black "Montoliu Costa, Francisco"]
[Result "1-0"]
[WhiteElo "1951"]
[BlackElo "1611"]
[PlyCount "35"]
[EventDate "2015.07.27"]
[EventType "swiss"]
[EventRounds "8"]
[EventCountry "ESP"]
[SourceTitle "Ajedrez en Madrid"]
[Source "lmi"]
[SourceDate "2015.05.27"]

1. d4 d5 2. Nf3 Nf6 3. Bg5 e6 4. e3 Be7 5. Bd3 Nbd7 6. Nbd2 c5 7. c3 c4 8. Bc2
b5 9. Ne5 Bb7 10. f4 Nxe5 11. fxe5 Nd7 12. Bxe7 Qxe7 13. O-O f6 14. exf6 Nxf6
15. Nf3 O-O 16. Ne5 Nd7 17. Bxh7+ Kh8 18. Ng6+ 1-0

[Event "I Open Ciutat de Sueca 2015"]
[Site "Sueca ESP"]
[Date "2015.07.30"]
[Round "4.24"]
[White "Del Arco Gimeno, Juan"]
[Black "Sancho Pascual, Emilio"]
[Result "1-0"]
[WhiteElo "1894"]
[BlackElo "1550"]
[PlyCount "55"]
[EventDate "2015.07.27"]
[EventType "swiss"]
[EventRounds "8"]
[EventCountry "ESP"]
[SourceTitle "Ajedrez en Madrid"]
[Source "lmi"]
[SourceDate "2015.05.27"]

1. e4 d5 2. exd5 Qxd5 3. d4 Nf6 4. c4 Qd6 5. Nc3 c6 6. Bg5 Bf5 7. Be2 Nbd7 8.
Nf3 h6 9. Bh4 Qb4 10. Qd2 O-O-O 11. O-O e5 12. Bxf6 gxf6 13. Nh4 Bh7 14. Rfd1
exd4 15. Qxd4 Bc5 16. Qd2 Bg6 17. a3 Qb3 18. Nxg6 fxg6 19. Ne4 Ne5 20. Qf4 Be7
21. Nxf6 Rxd1+ 22. Rxd1 Qxb2 23. Bg4+ Nxg4 24. Qxg4+ Kb8 25. Nd7+ Ka8 26. Qe6
Qxa3 27. Re1 Re8 28. Qf7 1-0

[Event "I Open Ciutat de Sueca 2015"]
[Site "Sueca ESP"]
[Date "2015.07.30"]
[Round "4.25"]
[White "Sanchis, Fernand"]
[Black "Garcia Sancho, Josep"]
[Result "0-1"]
[WhiteElo "1525"]
[BlackElo "1855"]
[PlyCount "94"]
[EventDate "2015.07.27"]
[EventType "swiss"]
[EventRounds "8"]
[EventCountry "ESP"]
[SourceTitle "Ajedrez en Madrid"]
[Source "lmi"]
[SourceDate "2015.05.27"]

1. e4 c5 2. Nf3 Nc6 3. d4 cxd4 4. Nxd4 g6 5. Nc3 Bg7 6. Nxc6 bxc6 7. Bd2 d6 8.
Be2 Nf6 9. Rb1 O-O 10. O-O Qc7 11. Re1 d5 12. exd5 cxd5 13. Bf3 Bb7 14. g3 Rfd8
15. Bf4 Qd7 16. Qe2 e6 17. Rbd1 Rdc8 18. Be5 Qc6 19. Bg2 Qb6 20. Rb1 Ba6 21.
Qf3 Nd7 22. Bxg7 Kxg7 23. Qd1 Rab8 24. Qd2 Qc5 25. Rec1 Nb6 26. Qf4 Nc4 27. Bf1
e5 28. Qg4 e4 29. b3 Ne5 30. Na4 Nxg4 31. Nxc5 Bxf1 32. b4 Bc4 33. a3 Ne5 34.
Ra1 a5 35. c3 Nd3 36. Nxd3 Bxd3 37. f3 Rc4 38. Kf2 Rbc8 39. fxe4 Bxe4 40. Ke3
axb4 41. axb4 Rxc3+ 42. Rxc3 Rxc3+ 43. Kf4 Rc4 44. b5 Rb4 45. Ra5 Bd3+ 46. Ke5
Rxb5 47. Rxb5 Bxb5 0-1

[Event "I Open Ciutat de Sueca 2015"]
[Site "Sueca ESP"]
[Date "2015.07.30"]
[Round "4.26"]
[White "Linares Carrasquer, Jordi"]
[Black "Albert Garrote, Amadeo"]
[Result "1/2-1/2"]
[WhiteElo "1352"]
[BlackElo "1788"]
[PlyCount "114"]
[EventDate "2015.07.27"]
[EventType "swiss"]
[EventRounds "8"]
[EventCountry "ESP"]
[SourceTitle "Ajedrez en Madrid"]
[Source "lmi"]
[SourceDate "2015.05.27"]

1. e4 d5 2. exd5 Nf6 3. d4 Nxd5 4. Bc4 Nc6 5. h3 Nb6 6. Bb5 Qd5 7. Nc3 Qxg2 8.
Qf3 Qxf3 9. Nxf3 Bd7 10. Bf4 O-O-O 11. O-O-O e6 12. Rhg1 a6 13. Be2 f6 14. a3
Be8 15. Be3 Ne7 16. Ne1 Ned5 17. Nxd5 Nxd5 18. Nd3 b6 19. Nf4 Nxf4 20. Bxa6+
Kb8 21. Bxf4 g6 22. Rge1 Bd6 23. Bxd6 Rxd6 24. Bc4 Bd7 25. b4 Re8 26. Bb3 e5
27. dxe5 fxe5 28. h4 Kb7 29. Kb2 Bc6 30. c3 Rf6 31. Rd2 Rf4 32. h5 gxh5 33. Bc2
Re7 34. Rg1 h4 35. Rg5 Bf3 36. Bd1 Bxd1 37. Rxd1 Rxf2+ 38. Kb3 h3 39. Rh1 e4
40. Rxh3 e3 41. Rh1 e2 42. Rgg1 Rh2 43. Rxh2 e1=Q 44. Rxe1 Rxe1 45. Rxh7 b5 46.
Rh5 Kb6 47. Rh2 Rd1 48. Rc2 Rd3 49. Kb2 Rh3 50. c4 bxc4 51. Rxc4 c6 52. Rg4 Rd3
53. Rg5 Rh3 54. Rc5 Rg3 55. Rf5 Rh3 56. Rc5 Rg3 57. Rf5 Rh3 1/2-1/2

[Event "I Open Ciutat de Sueca 2015"]
[Site "Sueca ESP"]
[Date "2015.07.30"]
[Round "4.27"]
[White "Gutierrez Posada, David"]
[Black "Soler Llobell, Jordi"]
[Result "1/2-1/2"]
[WhiteElo "1391"]
[BlackElo "1750"]
[PlyCount "43"]
[EventDate "2015.07.27"]
[EventType "swiss"]
[EventRounds "8"]
[EventCountry "ESP"]
[SourceTitle "Ajedrez en Madrid"]
[Source "lmi"]
[SourceDate "2015.05.27"]

1. g3 e5 2. Bg2 d5 3. c4 Nf6 4. cxd5 Nxd5 5. Nc3 Nb6 6. Nf3 Nc6 7. O-O Be7 8.
d3 O-O 9. b3 f5 10. Bb2 Bf6 11. Rc1 Ne7 12. e3 c6 13. Qe2 Ng6 14. Rfd1 Qe7 15.
Rc2 Be6 16. Nb1 Rad8 17. Ba3 Qf7 18. Bxf8 Qxf8 19. Ne1 Qe7 20. Qh5 Qd7 21. h3
Ne7 22. Qe2 1/2-1/2

[Event "I Open Ciutat de Sueca 2015"]
[Site "Sueca ESP"]
[Date "2015.07.30"]
[Round "4.28"]
[White "Castello Castello, Juan Jose"]
[Black "Porras Boronat, German"]
[Result "1/2-1/2"]
[WhiteElo "1672"]
[BlackElo "1402"]
[PlyCount "94"]
[EventDate "2015.07.27"]
[EventType "swiss"]
[EventRounds "8"]
[EventCountry "ESP"]
[SourceTitle "Ajedrez en Madrid"]
[Source "lmi"]
[SourceDate "2015.05.27"]

1. c4 Nf6 2. Nf3 g6 3. g3 Bg7 4. Bg2 O-O 5. O-O c6 6. d4 d5 7. cxd5 cxd5 8. Nc3
Nc6 9. Bf4 Nh5 10. Qd2 b6 11. Bh6 Ba6 12. Rfc1 Rc8 13. Bxg7 Nxg7 14. Qh6 Nf5
15. Qd2 e6 16. Nd1 Nd6 17. Qh6 Ne4 18. Nc3 Nxc3 19. Rxc3 Qf6 20. Rac1 Nxd4 21.
Nxd4 Qxd4 22. e3 Qb4 23. Rxc8 Rxc8 24. Rxc8+ Bxc8 25. h4 Qe1+ 26. Kh2 Qxf2 27.
Qg5 Ba6 28. Kh3 f6 29. Qg4 Kf7 30. Qd4 Bf1 31. Bxf1 Qxf1+ 32. Kh2 Qc4 33. Qd2
Qxa2 34. e4 Qa5 35. Qc2 Qc5 36. Qa4 dxe4 37. Qxa7+ Kg8 38. Qa8+ Kg7 39. Qxe4
Qf2+ 40. Kh1 Qxb2 41. Qxe6 b5 42. Qe7+ Kh6 43. Qe3+ g5 44. hxg5+ fxg5 45. Qe6+
Kg7 46. Qe7+ Kg6 47. Qe4+ Kg7 1/2-1/2

[Event "I Open Ciutat de Sueca 2015"]
[Site "Sueca ESP"]
[Date "2015.07.30"]
[Round "4.29"]
[White "Raro Gualda, Javier"]
[Black "Iborra Fabra, Ramon"]
[Result "1-0"]
[WhiteElo "1658"]
[BlackElo "1339"]
[PlyCount "83"]
[EventDate "2015.07.27"]
[EventType "swiss"]
[EventRounds "8"]
[EventCountry "ESP"]
[SourceTitle "Ajedrez en Madrid"]
[Source "lmi"]
[SourceDate "2015.05.27"]

1. e4 d6 2. d4 Nf6 3. Nc3 g6 4. f4 Bg7 5. Nf3 c5 6. dxc5 Qa5 7. Qd4 dxc5 8.
Qa4+ Qxa4 9. Nxa4 Nxe4 10. Bd3 Bf5 11. Nh4 b6 12. g4 c4 13. Bxc4 Be6 14. Bxe6
fxe6 15. Be3 Nd7 16. Bd2 O-O 17. Ng2 Rac8 18. Nc3 Nxd2 19. Kxd2 Nf6 20. h3 Nd5
21. Nxd5 exd5 22. c3 e6 23. Rae1 Rfe8 24. Kd3 Bf8 25. h4 Bd6 26. h5 e5 27. fxe5
Rxe5 28. Rxe5 Bxe5 29. Re1 Re8 30. hxg6 hxg6 31. Nf4 Rf8 32. Nxg6 Rf3+ 33. Re3
Rxe3+ 34. Kxe3 Bf6 35. Nf4 Bg5 36. Kf3 Bxf4 37. Kxf4 Kf7 38. Kf5 b5 39. g5 a5
40. Ke5 b4 41. cxb4 axb4 42. Kxd5 1-0

[Event "I Open Ciutat de Sueca 2015"]
[Site "Sueca ESP"]
[Date "2015.07.30"]
[Round "4.30"]
[White "Riddoch, Alan"]
[Black "Botella Brandt, Rafael"]
[Result "1/2-1/2"]
[WhiteElo "1650"]
[BlackElo "1838"]
[PlyCount "156"]
[EventDate "2015.07.27"]
[EventType "swiss"]
[EventRounds "8"]
[EventCountry "ESP"]
[SourceTitle "Ajedrez en Madrid"]
[Source "lmi"]
[SourceDate "2015.05.27"]

1. e4 c5 2. Nf3 Nc6 3. d4 cxd4 4. Nxd4 a6 5. Nc3 e6 6. Be3 Nf6 7. f3 Bb4 8. Qd2
d5 9. Bd3 e5 10. Nxc6 bxc6 11. a3 Ba5 12. b4 d4 13. bxa5 dxe3 14. Qxe3 Qxa5 15.
Qd2 Be6 16. O-O O-O 17. Qe1 Rfd8 18. Nd5 Qc5+ 19. Ne3 Rab8 20. Bxa6 Ra8 21. Bd3
Rxa3 22. Rxa3 Qxa3 23. h3 Nh5 24. Qh4 Nf6 25. Kh2 Qd6 26. Qg5 h6 27. Qh4 c5 28.
g4 Nh7 29. Rd1 Ng5 30. Kg2 Qc7 31. Qe1 Qe7 32. h4 Nh7 33. Kg3 Nf8 34. Qc3 Ng6
35. Rh1 Nf4 36. Qxe5 Nxd3 37. cxd3 Rxd3 38. Nf5 Qf8 39. Rb1 Bxf5 40. gxf5 Rd8
41. Rc1 Rc8 42. h5 c4 43. f6 gxf6 44. Qxf6 Qg7+ 45. Qxg7+ Kxg7 46. Rc3 Kf6 47.
Kf4 Rc5 48. Rc1 c3 49. Rc2 Ke6 50. Ke3 f5 51. Kd4 Ra5 52. Rxc3 fxe4 53. Rc6+
Kf7 54. Kxe4 Rxh5 55. f4 Rh1 56. Kf5 Rh5+ 57. Ke4 Rh4 58. Ke5 h5 59. Rc7+ Kg6
60. f5+ Kg5 61. Rg7+ Kh6 62. Kf6 Rg4 63. Rg6+ Kh7 64. Kf7 Ra4 65. Re6 h4 66.
Re3 Ra7+ 67. Kf6 Kg8 68. Rh3 Rh7 69. Kg5 Rg7+ 70. Kf4 Rh7 71. Ke5 Kf7 72. Kf4
Kf6 73. Ra3 h3 74. Ra6+ Kf7 75. Ra7+ Kg8 76. Rxh7 Kxh7 77. Kg3 Kh6 78. Kxh3 Kg5
1/2-1/2

[Event "I Open Ciutat de Sueca 2015"]
[Site "Sueca ESP"]
[Date "2015.07.30"]
[Round "4.33"]
[White "Jimenez Hernandez, Jose"]
[Black "Dominguez Gandia, Jose Miguel"]
[Result "0-1"]
[WhiteElo "1335"]
[BlackElo "1521"]
[PlyCount "104"]
[EventDate "2015.07.27"]
[EventType "swiss"]
[EventRounds "8"]
[EventCountry "ESP"]
[SourceTitle "Ajedrez en Madrid"]
[Source "lmi"]
[SourceDate "2015.05.27"]

1. e4 e5 2. Nf3 d6 3. Nc3 Nf6 4. Bc4 Bg4 5. d3 h6 6. Be3 Be7 7. h3 Bh5 8. g4
Bg6 9. Qd2 c6 10. O-O-O a5 11. Na4 b5 12. Nb6 Ra6 13. Bxb5 cxb5 14. Nd5 Nxd5
15. exd5 O-O 16. h4 Nd7 17. Rh3 Nf6 18. g5 Nxd5 19. gxh6 Nxe3 20. Qxe3 Rc6 21.
Rg1 Qc8 22. Ne1 Qe6 23. h5 Qf6 24. hxg6 fxg6 25. h7+ Kh8 26. f3 g5 27. Qe4 Qf4+
28. Kb1 Qxe4 29. fxe4 Rf4 30. Ng2 Rf2 31. Ne3 Rc8 32. Rg2 Rcf8 33. Rxf2 Rxf2
34. Kc1 Rf6 35. Nf5 Bf8 36. Ne3 Rf4 37. Nd5 Rf1+ 38. Kd2 Rf2+ 39. Kc1 g4 40.
Rg3 Kxh7 41. Rxg4 g5 42. Nc7 Rf4 43. Rg3 g4 44. Ne6 Bh6 45. Kd1 Rf6 46. Nc7 Rg6
47. Nxb5 Bf4 48. Rg1 g3 49. Ke1 Be3 50. Rh1+ Kg7 51. Nxd6 Rxd6 52. Ke2 g2 0-1

[Event "I Open Ciutat de Sueca 2015"]
[Site "Sueca ESP"]
[Date "2015.07.30"]
[Round "4.34"]
[White "Carmona Huertas, Juan Antonio"]
[Black "Follana Albelda, Lucia"]
[Result "1-0"]
[WhiteElo "1801"]
[BlackElo "1129"]
[PlyCount "125"]
[EventDate "2015.07.27"]
[EventType "swiss"]
[EventRounds "8"]
[EventCountry "ESP"]
[SourceTitle "Ajedrez en Madrid"]
[Source "lmi"]
[SourceDate "2015.05.27"]

1. d4 Nf6 2. Bg5 h6 3. Bxf6 exf6 4. Nf3 g6 5. e3 Bg7 6. Bd3 O-O 7. O-O d5 8. c3
Nc6 9. Nbd2 f5 10. Qc2 a6 11. a4 Be6 12. b4 Rb8 13. b5 axb5 14. axb5 Ne7 15. c4
dxc4 16. Bxc4 Bxc4 17. Nxc4 c6 18. Rfb1 cxb5 19. Rxb5 Qc7 20. Qb3 Ra8 21. Rb1
Rfb8 22. Nce5 Nc6 23. Qc4 Rc8 24. Nxc6 Qxc6 25. Qxc6 bxc6 26. Rc5 Ra7 27. Rbc1
Rac7 28. d5 Bf8 29. Rxc6 Rxc6 30. dxc6 f6 31. Kf1 Kf7 32. Ke2 Ke7 33. Kd3 Kd6
34. Nh4 Rxc6 35. Rxc6+ Kxc6 36. Nxg6 Ba3 37. Nh4 f4 38. exf4 Bd6 39. Ke4 Kd7
40. Kf5 Be7 41. h3 Ke8 42. Kg6 Kf8 43. Nf5 Bd8 44. Nxh6 Ke7 45. Ng4 Kf8 46.
Nxf6 Bxf6 47. Kxf6 Kg8 48. Ke7 Kg7 49. f5 Kh6 50. f6 Kg5 51. f7 Kf4 52. f8=Q+
Ke4 53. Qf6 Kd5 54. Qd6+ Ke4 55. f3+ Ke3 56. f4 Kf2 57. Qd3 Kxg2 58. f5 Kh1 59.
Qe2 Kg1 60. f6 Kh1 61. f7 Kg1 62. f8=Q Kh1 63. Qff1# 1-0

[Event "I Open Ciutat de Sueca 2015"]
[Site "Sueca ESP"]
[Date "2015.07.30"]
[Round "4.35"]
[White "Castello Gadea, David"]
[Black "Puig Perez, Jordi"]
[Result "1-0"]
[WhiteElo "1218"]
[BlackElo "1360"]
[PlyCount "133"]
[EventDate "2015.07.27"]
[EventType "swiss"]
[EventRounds "8"]
[EventCountry "ESP"]
[SourceTitle "Ajedrez en Madrid"]
[Source "lmi"]
[SourceDate "2015.05.27"]

1. b3 e5 2. Bb2 Nc6 3. g3 d5 4. Bg2 Nf6 5. Nf3 Bd6 6. O-O O-O 7. d3 Bg4 8. Nbd2
Qd7 9. e4 Rfe8 10. Qc1 Bc5 11. exd5 Nxd5 12. Ne4 Bd4 13. Nxd4 Nxd4 14. Bxd4
exd4 15. Qb2 Ne7 16. Nc5 Qb5 17. Qxd4 Bc8 18. Ne4 Nc6 19. Qc3 Qf5 20. Rae1 Bd7
21. f4 Qg6 22. Nc5 Bf5 23. Nxb7 Bd7 24. Nc5 Bf5 25. Ne4 Re6 26. Ng5 Rd6 27. Re3
h6 28. Ne4 Re6 29. Rfe1 Rae8 30. Kf2 Ne7 31. Nc5 Rxe3 32. Rxe3 Qd6 33. Qe5 Qxe5
34. Rxe5 Kf8 35. Be4 Bxe4 36. Rxe4 Rd8 37. c3 f5 38. Ne6+ Ke8 39. Nxd8 Kxd8 40.
Ra4 Nc6 41. d4 Ne7 42. c4 Nc8 43. c5 Kd7 44. Ke3 Kc6 45. Rc4 Kd5 46. Rb4 Kc6
47. Kd3 Kd7 48. d5 Ke7 49. Kd4 g6 50. Ke5 Kf7 51. Rb7 Ke8 52. Rxc7 Ne7 53. Rxa7
Nc8 54. Ra8 Kd7 55. Rxc8 Kxc8 56. c6 Kc7 57. h4 Kd8 58. Kf6 g5 59. Kxf5 gxh4
60. gxh4 Ke7 61. Kg6 h5 62. f5 Ke8 63. d6 Kd8 64. f6 Ke8 65. Kg7 Kd8 66. f7 Kc8
67. f8=Q# 1-0

[Event "I Open Ciutat de Sueca 2015"]
[Site "Sueca ESP"]
[Date "2015.07.31"]
[Round "5.1"]
[White "Garcia, Jhoel"]
[Black "Garcia Fernandez, Carlos"]
[Result "1-0"]
[WhiteElo "2336"]
[BlackElo "2312"]
[PlyCount "61"]
[EventDate "2015.07.27"]
[EventType "swiss"]
[EventRounds "8"]
[EventCountry "ESP"]
[SourceTitle "Ajedrez en Madrid"]
[Source "lmi"]
[SourceDate "2015.05.27"]

1. d4 c5 2. d5 f5 3. c4 g6 4. Nc3 Nf6 5. h4 Bg7 6. g3 d6 7. Bg2 Nbd7 8. Nh3 Ne5
9. b3 Nh5 10. Bd2 O-O 11. O-O h6 12. Qc2 a6 13. a4 b6 14. Rae1 Rb8 15. Bf3 f4
16. Nxf4 Nxf4 17. Bxf4 Nxf3+ 18. exf3 Bf5 19. Qc1 Bh3 20. Bxh6 Bxf1 21. Bxg7
Kxg7 22. Kxf1 Rxf3 23. Ne4 Qd7 24. Ng5 Rf6 25. Ne6+ Kh7 26. Kg2 Rh8 27. Qg5 Kg8
28. Nf4 Kf7 29. Re6 Rg8 30. h5 gxh5 31. Rxf6+ 1-0

[Event "I Open Ciutat de Sueca 2015"]
[Site "Sueca ESP"]
[Date "2015.07.31"]
[Round "5.2"]
[White "Montalban Galvez, Antoni"]
[Black "Valmana Canto, Jaime"]
[Result "1-0"]
[WhiteElo "2186"]
[BlackElo "2416"]
[PlyCount "113"]
[EventDate "2015.07.27"]
[EventType "swiss"]
[EventRounds "8"]
[EventCountry "ESP"]
[SourceTitle "Ajedrez en Madrid"]
[Source "lmi"]
[SourceDate "2015.05.27"]

1. Nf3 f5 2. c4 Nf6 3. g3 g6 4. d4 Bg7 5. b4 O-O 6. Bg2 c6 7. a4 d5 8. Qc2 Be6
9. c5 Ne4 10. O-O a5 11. bxa5 Nd7 12. Ra3 Rxa5 13. Bd2 Ra7 14. Nc3 Bf7 15. Be3
Qa5 16. Rb1 Rfa8 17. Nxe4 dxe4 18. Ng5 Bd5 19. f3 exf3 20. Bxf3 Nf6 21. Bf2 Qd8
22. e4 fxe4 23. Nxe4 Bxe4 24. Bxe4 Ng4 25. Qc4+ Kh8 26. d5 Qf8 27. Bd4 cxd5 28.
Bxg7+ Kxg7 29. Qe2 Nf6 30. Bc2 e5 31. Rb5 e4 32. Ra1 Rc8 33. Qe3 Ng4 34. Qd4+
Qf6 35. Rd1 Ne5 36. Qxd5 Rf8 37. Bxe4 Rxa4 38. Rxb7+ Kh8 39. Bg2 Raa8 40. Rf1
Qg5 41. Qd4 Rxf1+ 42. Bxf1 Rd8 43. Qf4 Qxf4 44. gxf4 Nf3+ 45. Kf2 Nd4 46. Bg2
Rc8 47. Rb4 Ne6 48. c6 Kg7 49. Rc4 Kf6 50. Bh3 Rc7 51. Ke3 Nd8 52. Bg2 Ke6 53.
Rc1 Nf7 54. Rb1 Nd6 55. Rb7 Nxb7 56. cxb7 Rc3+ 57. Kd4 1-0

[Event "I Open Ciutat de Sueca 2015"]
[Site "Sueca ESP"]
[Date "2015.07.31"]
[Round "5.3"]
[White "Cruz Lledo, Pablo"]
[Black "Montoliu Cervero, Francisco"]
[Result "1/2-1/2"]
[WhiteElo "2299"]
[BlackElo "2335"]
[PlyCount "102"]
[EventDate "2015.07.27"]
[EventType "swiss"]
[EventRounds "8"]
[EventCountry "ESP"]
[SourceTitle "Ajedrez en Madrid"]
[Source "lmi"]
[SourceDate "2015.05.27"]

1. d4 Nf6 2. c4 e6 3. Nc3 Bb4 4. e3 O-O 5. Bd3 c5 6. Nf3 d5 7. O-O dxc4 8. Bxc4
Nc6 9. a3 Ba5 10. Na4 cxd4 11. exd4 a6 12. Ba2 Ne7 13. Bg5 Bd7 14. b4 Bc7 15.
Nc3 Bc6 16. Ne5 Nf5 17. Nxc6 bxc6 18. Ne4 Bb6 19. Bxf6 gxf6 20. Nc5 Qxd4 21.
Nxe6 Qxd1 22. Rfxd1 Rfe8 23. Nf4 Rad8 24. Kf1 Rxd1+ 25. Rxd1 Rd8 26. Rxd8+ Bxd8
27. Ke2 a5 28. bxa5 Bxa5 29. Kd3 Bb6 30. f3 Kf8 31. Bb1 h6 32. Kc3 Nd6 33. Be4
c5 34. Bd5 Bc7 35. a4 Ke7 36. Nd3 Nf5 37. Kc4 Ne3+ 38. Kxc5 Nxg2 39. h3 f5 40.
Kc6 Bd8 41. Nc5 Ba5 42. Nb3 Be1 43. a5 Bxa5 44. Nxa5 Nf4 45. h4 Ng6 46. h5 Nf4
47. Nc4 Nxh5 48. Nd6 Kf6 49. Bxf7 Ng3 50. Kd5 h5 51. Bxh5 Nxh5 1/2-1/2

[Event "I Open Ciutat de Sueca 2015"]
[Site "Sueca ESP"]
[Date "2015.07.31"]
[Round "5.4"]
[White "Fos Santacreu, Juan Andres"]
[Black "Diaz Velandia, Jose Manuel"]
[Result "0-1"]
[WhiteElo "2286"]
[BlackElo "2315"]
[PlyCount "102"]
[EventDate "2015.07.27"]
[EventType "swiss"]
[EventRounds "8"]
[EventCountry "ESP"]
[SourceTitle "Ajedrez en Madrid"]
[Source "lmi"]
[SourceDate "2015.05.27"]

1. e4 c5 2. c4 Nc6 3. Ne2 g6 4. d4 cxd4 5. Nxd4 Bg7 6. Be3 Nf6 7. Nc3 d6 8. Be2
O-O 9. O-O Bd7 10. Rc1 Nxd4 11. Bxd4 Bc6 12. Bf3 Nd7 13. Bxg7 Kxg7 14. Qd4+ Kg8
15. Rfe1 Qb6 16. Qd2 Ne5 17. Be2 Rac8 18. b3 f5 19. Nd5 Bxd5 20. exd5 f4 21.
Bf1 g5 22. Re4 Rf5 23. b4 Ng6 24. Re6 Qc7 25. Qd4 Re5 26. Qxa7 Rxd5 27. c5 Re5
28. Bc4 Kg7 29. Rxe5 Nxe5 30. Be6 Rb8 31. Qa3 dxc5 32. bxc5 Qc6 33. Qh3 Rf8 34.
Bb3 Rf6 35. Qc3 Ng6 36. Rd1 b6 37. Rd5 g4 38. Qd4 bxc5 39. Rxc5 Qb6 40. Qc4 g3
41. Qb5 gxf2+ 42. Kxf2 Qa7 43. Qa5 Qd7 44. Qc3 f3 45. gxf3 Qh3 46. Kg1 Nh4 47.
Rg5+ Kh6 48. Rg3 Nxf3+ 49. Kf2 Qxh2+ 50. Rg2 Ne5+ 51. Ke3 Rf3+ 0-1